| 000 | 01330cam a22003495a 4500 | ||
|---|---|---|---|
| 001 | 016014803 | ||
| 003 | OSt | ||
| 005 | 20180324102420.0 | ||
| 008 | 120117t2013 enka frb 001 0 eng d | ||
| 015 |
_aGBB206460 _2bnb |
||
| 016 | 7 |
_a016014803 _2Uk |
|
| 020 | _a9780273771524 (pbk.) | ||
| 020 | _a0273771523 (pbk.) | ||
| 040 |
_aStDuBDS _beng _cStDuBDS _dUk _dEG-ScBUE |
||
| 082 | 0 | 4 |
_a339 _bHUB _222 |
| 100 | 1 |
_aHubbard, R. Glenn. _938893 |
|
| 245 | 1 | 0 |
_aMacroeconomics / _cR. Glenn Hubbard, Anthony Patrick O'Brien. |
| 250 | _a4th ed., International ed. | ||
| 260 |
_aHarlow : _bPearson Education, _cc.2013. |
||
| 300 |
_a1 v. (various pagings) : _bill. (col.) ; _c28 cm. |
||
| 500 | _aTransparent leaf inserted to overlay graph on p. 485. | ||
| 500 | _a2-leaf (1 folding) chart of business examples at end. | ||
| 500 | _aInclude student access code with book that provides not only text-specific assessment and practice problems, but also tutorial support to make sure students learn from their mistakes. | ||
| 504 | _aIncludes bibliographical references and index. | ||
| 541 | _aDr. Mostafa Abo El soad ; | ||
| 650 | 7 |
_aMacroeconomics. _2BUEsh |
|
| 651 | _2BUEsh | ||
| 653 |
_bBUSECO _cMarch2018 |
||
| 700 | 1 |
_aO'Brien, Anthony Patrick. _941421 |
|
| 856 | 4 | 0 | _uwww.myeconlab.com |
| 942 | _2ddc | ||
| 999 |
_c26388 _d26360 |
||